• 首页
  • 本馆介绍
  • 公告通知
  • 最新文献
  • 馆藏检索
  • 电子资源
  • 读者导购
  • 参考咨询
  • 我的图书馆
  • 登录
  • 详细信息显示
  • 放入我的书架
  • 预约/预借图书
  • 作者相关作品
  • 分类相关作品
  • 丛书相关作品
  • 出版社相关作品

书目信息

  • 表格格式
  • 工作单格式
  • 卡片格式
题名:
汉语言方言研究的多维视角
    
 
作者: 胡方 , 杨蓓 主编
分册:  
出版信息: 上海   上海教育出版社  2022.09
页数: 461页
开本: 25cm
丛书名:
单 册:
中图分类: H17-53
科图分类:
主题词: 汉语方言
电子资源:
ISBN: 7-5720-1514-X
000 00789nam0 2200229 450
001 2553191268
005 20251217145038.82
010    @a7-5720-1514-X@dCNY118.00
100    @a20251217d2022 km y0chiy0120 ea
101 0  @achi
102    @aCN@b310000
102    @aCN@b310000
200 1  @a汉语言方言研究的多维视角@AHan Yu Yan Fang Yan Yan Jiu De Duo Wei Shi Jiao@e游汝杰教授八秩寿庆论文集@f胡方,杨蓓主编@FHu Fang,Yang Bei Zhu Bian
210    @a上海@c上海教育出版社@d2022.09
215    @a461页@d25cm
517 1  @a游汝杰教授八秩寿庆论文集@AYou Ru Jie Jiao Shou Ba Zhi Shou Qing Lun Wen Ji
606 0  @a汉语方言
690    @aH17-53@v4
701  0 @a胡方@AHu Fang@4主编
701  0 @a杨蓓@AYang Bei@4主编
801  0 @aCN@b大连网信软件有限公司图书馆·11@c20251217
905    @aZUCC@dH17-53@e147
    
    汉语言方言研究的多维视角:游汝杰教授八秩寿庆论文集/胡方,杨蓓主编.-上海:上海教育出版社,2022.09
    461页;25cm
    
    
    ISBN 7-5720-1514-X:CNY118.00
    
●
相关链接 在E读中查询图书 在五车中查询图书 在当当中查询图书 在豆瓣中查询图书


正题名:汉语言方言研究的多维视角     索取号:H17-53/147         预约/预借

序号 登录号 条形码 馆藏地/架位号 状态 备注
1 1442044   214420447   第二样本阅览室/ [索取号:H17-53/147] 已借出,限还日期为2035.12.17
借出人:刘巍  
 
唐山师范学院图书馆 欢迎您!
大连网信软件有限公司© 版权所有